Tribhuvan University Central Library

College plane geometry (Record no. 85138)

MARC details
000 -LEADER
fixed length control field 00350nam a22001337a 4500
008 - FIXED-LENGTH DATA ELEMENTS--GENERAL INFORMATION
fixed length control field 190524b xxu||||| |||| 00| 0 eng d
082 ## - DEWEY DECIMAL CLASSIFICATION NUMBER
Classification number 513.5
Item number H374c
100 ## - MAIN ENTRY--PERSONAL NAME
Personal name Hemmerling,Edwin M.
245 ## - TITLE STATEMENT
Title College plane geometry
260 ## - PUBLICATION, DISTRIBUTION, ETC.
Place of publication, distribution, etc. New York:
Name of publisher, distributor, etc. John Wiley and Sons,INC,
Date of publication, distribution, etc. 1958
300 ## - PHYSICAL DESCRIPTION
Extent 310p.
650 ## - SUBJECT ADDED ENTRY--TOPICAL TERM
Topical term or geographic name entry element Arithmetic
9 (RLIN) 8058
942 ## - ADDED ENTRY ELEMENTS (KOHA)
Source of classification or shelving scheme Dewey Decimal Classification
Koha item type General Collections
Holdings
Withdrawn status Lost status Source of classification or shelving scheme Damaged status Not for loan Home library Current library Date acquired Total Checkouts Total Renewals Full call number Barcode Date last seen Date last checked out Price effective from Koha item type
    Dewey Decimal Classification     Tribhuvan University Central Library Tribhuvan University Central Library 05/24/2019 1 1 513.5 H374c 24028 07/03/2019 05/24/2019 05/24/2019 General Collections